000 00568nam a2200241 a 4500
001 nice12345678
003 IN_TiNIC
005 20260116011251.0
008 050524s1967 lona grp 000 0 eng
020 _a
_c45.99
082 0 0 _a241
_bMAC1
100 _aMacquarrie, John
245 _aDictionary of Christian Ethics
260 _aLondon
_bScm Press
_c1967
300 _a366p
500 _aincludes index and biblioraphy
505 2 _aNotes
650 _aChristian-Ethics
700 1 _aMacquarrie, John
902 _bSRS
942 _cBK
999 _c23
_d23